| 000 | 00348nam a22001337a 4500 | ||
|---|---|---|---|
| 008 | 160506b xxu||||| |||| 00| 0 eng d | ||
| 020 | _a9781416035466 | ||
| 020 | _a141603446 | ||
| 020 | _a0889857 | ||
| 041 | _aeng | ||
| 080 | _a61 | ||
| 245 |
_aRheumatic disease clinics of north america: _cStephen A. Paget MD; Mary K. Crow MD; |
||
| 942 |
_2udc _cBK |
||
| 999 |
_c1876 _d1876 |
||